<?xml version="1.0" encoding="UTF-8"?><?xml-stylesheet type="text/xsl" href="static/style.xsl"?><OAI-PMH xmlns="http://www.openarchives.org/OAI/2.0/" xmlns:xsi="http://www.w3.org/2001/XMLSchema-instance" xsi:schemaLocation="http://www.openarchives.org/OAI/2.0/ http://www.openarchives.org/OAI/2.0/OAI-PMH.xsd"><responseDate>2026-04-17T05:13:56Z</responseDate><request verb="GetRecord" identifier="oai:www.recercat.cat:10256/18785" metadataPrefix="marc">https://recercat.cat/oai/request</request><GetRecord><record><header><identifier>oai:recercat.cat:10256/18785</identifier><datestamp>2024-05-22T11:25:42Z</datestamp><setSpec>com_2072_452966</setSpec><setSpec>com_2072_2054</setSpec><setSpec>col_2072_452968</setSpec></header><metadata><record xmlns="http://www.loc.gov/MARC21/slim" xmlns:dcterms="http://purl.org/dc/terms/" xmlns:xsi="http://www.w3.org/2001/XMLSchema-instance" xmlns:doc="http://www.lyncode.com/xoai" xsi:schemaLocation="http://www.loc.gov/MARC21/slim http://www.loc.gov/standards/marcxml/schema/MARC21slim.xsd">
   <leader>00925njm 22002777a 4500</leader>
   <datafield ind2=" " ind1=" " tag="042">
      <subfield code="a">dc</subfield>
   </datafield>
   <datafield ind2=" " ind1=" " tag="720">
      <subfield code="a">Brecha, Esther</subfield>
      <subfield code="e">author</subfield>
   </datafield>
   <datafield ind2=" " ind1=" " tag="260">
      <subfield code="c">2020-06-01</subfield>
   </datafield>
   <datafield ind2=" " ind1=" " tag="520">
      <subfield code="a">Les xarxes socials formen part de la nostra vida. Plataformes com Instagram han revolucionat la manera de connectar-nos entre nosaltres i són utilitzades amb regularitat. Instagram s’ha convertit en un espai en el que construïm relacions, configurem la pròpia identitat i ens expressem i coneixem el món que ens rodeja. Hem de valorar la gran importància que suposen els riscos psicològics d’aquesta xarxa social. La major incidència d’ús de les xarxes socials es dóna entre els joves de 16 i 30 anys, en el període més crucial de desenvolupament emocional i psicosocial. Precisament per això, aquesta investigació es centra en la comprensió de l’impacte de les xarxes socials en els pacients amb TCA, en concret Instagram, posant especial èmfasi en com aquest pot afectar en la seva salut mental, sobretot en els trastorns de la conducta alimentària. Els resultats varen concloure que Instagram provoca efectes psicològics negatius en les pacients amb TCA.</subfield>
   </datafield>
   <datafield ind2=" " ind1=" " tag="520">
      <subfield code="a">Social networks are part of our life. Platforms like Instagram have revolutionized the way we connect with each other and are used regularly. Instagram has become a space in which we build relationships, configure our own identity and express ourselves and know the world around us. We must appreciate the great importance of the psychological risks of this social network. The highest incidence of use of social networks occurs among young people between the ages of 16 and 30, in the most crucial period of emotional and psychosocial development. Precisely for this reason, this research focuses on understanding the impact of social networks on patients with eating disorders, specifically Instagram, placing special emphasis on how it can affect their mental health, especially in eating disorders. The results concluded that Instagram causes negative psychological effects in patients with eating disorders.</subfield>
   </datafield>
   <datafield ind1="8" ind2=" " tag="024">
      <subfield code="a">http://hdl.handle.net/10256/18785</subfield>
   </datafield>
   <datafield tag="653" ind2=" " ind1=" ">
      <subfield code="a">Trastorns de la conducta alimentària</subfield>
   </datafield>
   <datafield tag="653" ind2=" " ind1=" ">
      <subfield code="a">Eating disorders</subfield>
   </datafield>
   <datafield tag="653" ind2=" " ind1=" ">
      <subfield code="a">Imatge del propi cos</subfield>
   </datafield>
   <datafield tag="653" ind2=" " ind1=" ">
      <subfield code="a">Body image</subfield>
   </datafield>
   <datafield tag="653" ind2=" " ind1=" ">
      <subfield code="a">Xarxes socials en línia -- Aspectes psicològics</subfield>
   </datafield>
   <datafield tag="653" ind2=" " ind1=" ">
      <subfield code="a">Online social networks -- Psychological aspects</subfield>
   </datafield>
   <datafield tag="653" ind2=" " ind1=" ">
      <subfield code="a">Instagram -- Aspectes psicològics</subfield>
   </datafield>
   <datafield tag="653" ind2=" " ind1=" ">
      <subfield code="a">Instagram -- Psychological aspects</subfield>
   </datafield>
   <datafield ind2="0" ind1="0" tag="245">
      <subfield code="a">Efectes psicològics d'Instagram en pacientsamb Trastorn de la Conducta Alimentària: diferències en la percepció de contingut d'Instagram entre la fase 1 (inicial) i la fase 2 (prealta) del tractament</subfield>
   </datafield>
</record></metadata></record></GetRecord></OAI-PMH>